000 00597nam a2200181Ia 4500
008 151202s9999||||xx |||||||||||||| ||und||
082 _bPNVM-68335
100 _aकांबळे रुईकर दयानंद.
245 _aमृगया.
260 _b"गणराज पब्लिकेशन्स, पुणे."
260 _c68335
300 _a168
600 _aकांबळे रुईकर दयानंद.
630 _aमृगया.
700 _aकांबळे रुईकर दयानंद.
730 _aमृगया.
942 _cBOOK
999 _c1334845
_d1334842